| 000 | 00519nam a2200181Ia 4500 | ||
|---|---|---|---|
| 003 | GCL | ||
| 008 | 140319s9999 xx 000 0 eng d | ||
| 040 |
_aGCL / _cGCL |
||
| 082 | 0 | 4 |
_a930 _bL W |
| 100 | 1 | _aLAYTON, ROBERT | |
| 245 | 1 | 0 |
_aWHO NEEDS THE PAST? : _bINDIGENOUS VALUES AND ARCHAEOLOGY / _cLAYTON, ROBERT |
| 260 |
_aانجلترا : _bROUTLEDGE ، _c1994 |
||
| 300 |
_a215 P _bILL., MAPS ؛ _c24 cm. |
||
| 490 |
_aONE WORLD ARCHAEOLOGY _v5 |
||
| 650 | 0 | 4 | _aHISTORY |
| 650 | 0 | 4 | _aARCHAEOLOGY |
| 942 |
_2ddc _cBK |
||
| 999 |
_c17717 _d17717 |
||